[Event "DEM U10"]
[Site "Willingen"]
[Date "2006.06.05"]
[Round "5.42"]
[White "Puffay, Jana"]
[Black "Pannier, Lukas"]
[Result "1-0"]
[WhiteElo "733"]
[BlackElo "994"]
[PlyCount "73"]
[EventDate "2006.??.??"]
[EventType "swiss"]
[EventRounds "11"]
[EventCountry "GER"]

1. e4 e5 2. Nf3 Nc6 3. Bc4 Nf6 4. Nc3 Nxe4 5. Nxe4 d5 6. Bxd5 Qxd5 7. d3 Bf5 8.
O-O Bxe4 9. dxe4 Qxe4 10. Re1 Qf5 11. Qd5 Bd6 12. Bd2 O-O 13. Rad1 Rad8 14. Qc4
Rd7 15. Qb5 Rfd8 16. Qxb7 Bb4 17. Qxc6 h6 18. Rxe5 Qf6 19. Qxf6 gxf6 20. Re2
Kf8 21. Bxb4+ Kg7 22. Rxd7 Rxd7 23. h4 Kg6 24. Re7 Rd1+ 25. Kh2 Kf5 26. c4 Kg4
27. c5 Rf1 28. Ne1 Rxf2 29. c6 Kxh4 30. Rxc7 a5 31. Bxa5 f5 32. Rc8 f4 33. c7
f3 34. Nxf3+ Kg4 35. Ne5+ Kf5 36. Re8 f6 37. c8=Q+ 1-0

[Event "DEM U10"]
[Site "Willingen"]
[Date "2006.06.05"]
[Round "5.44"]
[White "Srokovskiy, Andrea"]
[Black "Schrötter, Luisa"]
[Result "1/2-1/2"]
[WhiteElo "940"]
[BlackElo "748"]
[PlyCount "69"]
[EventDate "2006.??.??"]
[EventType "swiss"]
[EventRounds "11"]
[EventCountry "GER"]

1. e4 c6 2. d4 d5 3. Nc3 dxe4 4. Nxe4 Bf5 5. Ng3 Bg6 6. Nf3 Nd7 7. h4 h6 8. h5
Bh7 9. Bc4 e6 10. Bf4 Be7 11. Qe2 Bf5 12. O-O-O Bg4 13. Qe4 Ngf6 14. Qe3 O-O
15. Be2 Re8 16. Ne5 Bxe2 17. Qxe2 Bd6 18. Ne4 Qe7 19. Nxf6+ Qxf6 20. Qe4 Bxe5
21. dxe5 Nc5 22. Qe3 Qf5 23. Qxc5 Qxf4+ 24. Rd2 Rad8 25. Rhd1 Rxd2 26. Rxd2 Rd8
27. Qe3 Qh4 28. Qh3 Qe7 29. Qh1 Rd7 30. Qd1 Rxd2 31. Qxd2 Qg5 32. Qe3 Qxe3+ 33.
fxe3 g6 34. g4 gxh5 35. gxh5 1/2-1/2

[Event "DEM U10"]
[Site "Willingen"]
[Date "2006.06.05"]
[Round "5.46"]
[White "Michalik, Marina"]
[Black "Räcke, Geesche"]
[Result "1/2-1/2"]
[WhiteElo "834"]
[BlackElo "970"]
[PlyCount "26"]
[EventDate "2006.??.??"]
[EventType "swiss"]
[EventRounds "11"]
[EventCountry "GER"]

1. e4 e5 2. Nf3 Nc6 3. d4 d5 4. dxe5 dxe4 5. Qxd8+ Kxd8 6. Ng5 Bf5 7. Nc3 Bb4
8. Bd2 Bxc3 9. Bxc3 e3 10. fxe3 Bxc2 11. Bc4 Nh6 12. O-O Rf8 13. Bb4 Rg8
1/2-1/2

[Event "DEM U10"]
[Site "Willingen"]
[Date "2006.06.05"]
[Round "5.47"]
[White "Grzeca, Carmen"]
[Black "Püschel, Torben"]
[Result "0-1"]
[WhiteElo "858"]
[BlackElo "937"]
[PlyCount "90"]
[EventDate "2006.??.??"]
[EventType "swiss"]
[EventRounds "11"]
[EventCountry "GER"]

1. e4 e5 2. Nf3 Nc6 3. Bc4 Nf6 4. O-O Bc5 5. d3 O-O 6. Nc3 d6 7. h3 Nd4 8. Bg5
Be6 9. Bb3 a5 10. a4 h6 11. Bh4 c6 12. Nxd4 exd4 13. Ne2 g5 14. Bg3 d5 15. exd5
Bxd5 16. c3 dxc3 17. Nxc3 Bd4 18. Rc1 Re8 19. h4 Nh7 20. Qg4 Bxb3 21. Bf4 Be6
22. Qg3 Bg7 23. Bc7 Qd7 24. Be5 Bxe5 25. Qxe5 Bc4 26. Qg3 Bxd3 27. Rfd1 Rad8
28. Rd2 c5 29. b3 Re6 30. Rcd1 Rd6 31. Ne4 Rd5 32. hxg5 Bxe4 33. gxh6+ Kf8 34.
Qg7+ Ke8 35. Re1 Qe6 36. Rde2 Rd1 37. Kf1 Bd3 38. Rxd1 Bxe2+ 39. Kg1 Rxd1+ 40.
Kh2 Qd6+ 41. Qg3 Qxg3+ 42. Kxg3 Rh1 43. f3 Rxh6 44. Kf2 Bd1 45. g4 Bxb3 0-1

[Event "DEM U10"]
[Site "Willingen"]
[Date "2006.06.05"]
[Round "5.49"]
[White "Klemm, Lisa-Marie"]
[Black "Schumacher, Wendy"]
[Result "0-1"]
[WhiteElo "795"]
[BlackElo "880"]
[PlyCount "72"]
[EventDate "2006.??.??"]
[EventType "swiss"]
[EventRounds "11"]
[EventCountry "GER"]

1. e4 e5 2. Nf3 Nc6 3. Bc4 Nf6 4. Nc3 Bc5 5. d3 O-O 6. Bg5 d6 7. Nd5 Kh8 8.
Nxf6 gxf6 9. Bh6 Rg8 10. Rg1 Rg6 11. Qd2 Qe7 12. O-O-O Be6 13. Kb1 Bxc4 14.
dxc4 a6 15. Rdf1 Qe6 16. b3 f5 17. Nh4 Rxh6 18. exf5 Qf6 19. g3 Ba3 20. Qc3 Nd4
21. Re1 Re8 22. f4 e4 23. Rg2 c6 24. Rd1 c5 25. Rgd2 Bb4 26. Qb2 Bxd2 27. Rxd2
e3 28. Rd1 e2 29. Re1 b5 30. cxb5 axb5 31. Nf3 Re4 32. g4 Rh3 33. Nxd4 cxd4 34.
Kc1 Qh4 35. c3 Qxe1+ 36. Kc2 d3# 0-1

[Event "DEM U10"]
[Site "Willingen"]
[Date "2006.06.06"]
[Round "6.1"]
[White "Xu, Xianliang"]
[Black "Abdelrasek, Ahmed"]
[Result "1-0"]
[WhiteElo "1542"]
[BlackElo "1418"]
[PlyCount "49"]
[EventDate "2006.??.??"]
[EventType "swiss"]
[EventRounds "11"]
[EventCountry "GER"]

1. e4 e5 2. f4 exf4 3. Nf3 d6 4. d4 Bg4 5. Bc4 Nd7 6. O-O Nb6 7. Bb3 h6 8. Bxf4
Qd7 9. Nc3 g5 10. Bg3 O-O-O 11. a4 Kb8 12. a5 Nc8 13. Ba4 c6 14. b4 a6 15. d5
Bg7 16. dxc6 bxc6 17. Qd3 Kb7 18. Rab1 Na7 19. Nd4 Nb5 20. Ndxb5 axb5 21. Nxb5
Be5 22. Nd4 Bxd4+ 23. Qxd4 Nf6 24. Qb6+ Kc8 25. Bxc6 1-0

[Event "DEM U10"]
[Site "Willingen"]
[Date "2006.06.06"]
[Round "6.2"]
[White "Noe, Christopher"]
[Black "Kyas, Philipp"]
[Result "1/2-1/2"]
[WhiteElo "1555"]
[BlackElo "1506"]
[PlyCount "117"]
[EventDate "2006.??.??"]
[EventType "swiss"]
[EventRounds "11"]
[EventCountry "GER"]

1. d4 Nf6 2. c4 e6 3. Nf3 b6 4. Nc3 Bb4 5. Bg5 Bb7 6. a3 Bxc3+ 7. bxc3 O-O 8.
e3 Re8 9. Bd3 d5 10. O-O h6 11. Bh4 g5 12. Bg3 Nbd7 13. h3 c5 14. Rc1 Ne4 15.
Bxe4 dxe4 16. Ne5 Nxe5 17. Bxe5 f6 18. Bh2 Kg7 19. Qc2 Qe7 20. Rfd1 Red8 21.
Rd2 Bc6 22. Re1 Rd7 23. Red1 Rad8 24. Bg3 cxd4 25. Rxd4 Rxd4 26. Rxd4 Rxd4 27.
cxd4 Qxa3 28. Qe2 a5 29. Qc2 a4 30. Bc7 Qb3 31. Qc1 a3 32. d5 exd5 33. Bxb6 a2
34. Bd4 Qb1 35. Qf1 dxc4 36. Bc3 Ba4 37. g3 Kf7 38. Kg2 Qxf1+ 39. Kxf1 Ke6 40.
Ke2 f5 41. Kd2 g4 42. h4 h5 43. Kc1 Kd5 44. Kb2 Bb3 45. Bd4 Kc6 46. Bc3 Kb5 47.
Be5 c3+ 48. Bxc3 Kc4 49. Be5 a1=Q+ 50. Kxa1 Kd3 51. Bf4 Ke2 52. Kb2 Be6 53. Kc3
Kxf2 54. Kd4 Kf3 55. Ke5 Bf7 56. Kxf5 Be8 57. Kf6 Bd7 58. Kf7 Bc6 59. Kf6
1/2-1/2

[Event "DEM U10"]
[Site "Willingen"]
[Date "2006.06.06"]
[Round "6.5"]
[White "Moritz, Aron"]
[Black "Nöttling, Dominik"]
[Result "1-0"]
[WhiteElo "1237"]
[BlackElo "1503"]
[PlyCount "67"]
[EventDate "2006.??.??"]
[EventType "swiss"]
[EventRounds "11"]
[EventCountry "GER"]

1. e4 e5 2. Nf3 Nc6 3. Bb5 a6 4. Bxc6 dxc6 5. O-O f6 6. d3 Bg4 7. h3 Bh5 8. Be3
Qd7 9. Nbd2 O-O-O 10. Re1 g5 11. Nxe5 Bxd1 12. Nxd7 Bxc2 13. Nxf8 Rxf8 14. d4
h5 15. b3 g4 16. Rac1 Bd3 17. Rc3 Bb5 18. a4 Ne7 19. axb5 axb5 20. h4 Rfg8 21.
g3 f5 22. Bg5 Re8 23. Ra1 Kb8 24. b4 Rh7 25. Rca3 Kc8 26. Ra8+ Kd7 27. Rxe8
Kxe8 28. Ra7 fxe4 29. Nxe4 Nd5 30. Rxb7 Rf7 31. Rb8+ Kd7 32. Nc5+ Kd6 33. Rd8+
Rd7 34. Rxd7# 1-0

[Event "DEM U10"]
[Site "Willingen"]
[Date "2006.06.06"]
[Round "6.6"]
[White "Mainik, Philipp"]
[Black "Günthner, Arthur"]
[Result "1/2-1/2"]
[WhiteElo "1258"]
[BlackElo "1674"]
[PlyCount "54"]
[EventDate "2006.??.??"]
[EventType "swiss"]
[EventRounds "11"]
[EventCountry "GER"]

1. e4 e5 2. Nf3 Nc6 3. Bb5 a6 4. Ba4 Nf6 5. O-O Be7 6. Re1 b5 7. Bb3 O-O 8. c3
d6 9. h3 Na5 10. d4 Nxb3 11. Qxb3 exd4 12. cxd4 c5 13. d5 Re8 14. Bg5 Bb7 15.
Nbd2 Qd7 16. Nf1 Bd8 17. Ng3 h6 18. Bf4 Bb6 19. Nd2 Qc7 20. Nf5 c4 21. Qg3 Nh5
22. Qg4 g6 23. Bxd6 Qd8 24. Nxh6+ Kg7 25. Nf5+ Kg8 26. Nh6+ Kg7 27. Nf5+ Kg8
1/2-1/2

[Event "DEM U10"]
[Site "Willingen"]
[Date "2006.06.06"]
[Round "6.7"]
[White "Osmanodja, Filiz"]
[Black "Höpfner, Tim"]
[Result "1-0"]
[WhiteElo "1609"]
[BlackElo "1265"]
[PlyCount "99"]
[EventDate "2006.??.??"]
[EventType "swiss"]
[EventRounds "11"]
[EventCountry "GER"]

1. e4 e5 2. Nf3 Nc6 3. Bb5 a6 4. Ba4 Nf6 5. O-O Be7 6. Re1 b5 7. Bb3 O-O 8. h3
d6 9. c3 Bb7 10. d4 exd4 11. cxd4 Re8 12. Bf4 Nd7 13. Nc3 Bf6 14. Nd5 Ne7 15.
Nxf6+ Nxf6 16. Ng5 Rf8 17. e5 dxe5 18. Bxe5 Ned5 19. Rc1 c6 20. Qf3 a5 21. Ne4
a4 22. Bc2 Re8 23. Nd6 Re7 24. Nf5 Rd7 25. Qg3 Nh5 26. Qg4 g6 27. Nh6+ Kf8 28.
Qf3 Qg5 29. Ng4 Ng7 30. Nf6 Nxf6 31. Bxf6 Qh6 32. Be4 Rc7 33. Bxc6 Rac8 34. d5
Ne8 35. Be5 Rd7 36. Rc3 Bxc6 37. dxc6 Re7 38. Qg4 Qd2 39. Ree3 Re6 40. Qb4+ Kg8
41. Qxb5 Nc7 42. Bxc7 Rxe3 43. Rxe3 Qd1+ 44. Kh2 Qd4 45. Be5 Qd1 46. c7 Qh5 47.
Qd7 Rf8 48. c8=Q Qh6 49. Qc3 Ra8 50. Bh8 1-0

[Event "DEM U10"]
[Site "Willingen"]
[Date "2006.06.06"]
[Round "6.8"]
[White "Sasse, Fabius"]
[Black "Lebeda, Timo"]
[Result "0-1"]
[WhiteElo "1337"]
[BlackElo "1496"]
[PlyCount "129"]
[EventDate "2006.??.??"]
[EventType "swiss"]
[EventRounds "11"]
[EventCountry "GER"]

1. d4 Nf6 2. c4 g6 3. Nc3 Bg7 4. Bf4 d6 5. Nf3 O-O 6. e3 Nbd7 7. Bd3 Re8 8. O-O
e5 9. Bg5 h6 10. Bh4 g5 11. Bg3 e4 12. Nxg5 hxg5 13. Be2 Qe7 14. Nb5 Nf8 15. c5
Rd8 16. Qc2 a6 17. cxd6 cxd6 18. Nc3 Bg4 19. Bxg4 Nxg4 20. Qxe4 Qd7 21. Qd5 Ne6
22. Ne4 Nf6 23. Nxf6+ Bxf6 24. Qf3 Be7 25. Qh5 Ng7 26. Qf3 d5 27. Rfc1 Rac8 28.
Rxc8 Rxc8 29. Qd1 Nf5 30. Qg4 Qc6 31. h3 Nxg3 32. fxg3 Qe6 33. Qxe6 fxe6 34.
Rb1 Rc2 35. a3 Bd6 36. g4 Re2 37. Rc1 Rxe3 38. Kf2 Bg3+ 39. Kf1 Rd3 40. Rc8+
Kf7 41. Rd8 Kf6 42. Rf8+ Kg7 43. Rf3 Rxf3+ 44. gxf3 Bf4 45. b3 Be3 46. Kg2 Bxd4
47. Kf1 b5 48. Ke2 Bc5 49. a4 bxa4 50. bxa4 Kf6 51. Kd3 Ke5 52. Ke2 Kf4 53. a5
Bb4 54. Kf1 Kxf3 55. h4 gxh4 56. g5 Bxa5 57. g6 Bc3 58. Kg1 a5 59. Kh2 a4 60.
Kh3 a3 61. Kxh4 a2 62. Kh5 a1=Q 63. Kh6 Kg4 64. Kh7 Qa7+ 65. Kh6 0-1

[Event "DEM U10"]
[Site "Willingen"]
[Date "2006.06.06"]
[Round "6.9"]
[White "Bauer, Andreas"]
[Black "Peil, Christoph"]
[Result "1/2-1/2"]
[WhiteElo "1438"]
[BlackElo "1339"]
[PlyCount "93"]
[EventDate "2006.??.??"]
[EventType "swiss"]
[EventRounds "11"]
[EventCountry "GER"]

1. d4 d5 2. Nf3 Nf6 3. e3 Bf5 4. Bd3 Bxd3 5. Qxd3 e6 6. Qb5+ Nbd7 7. Qxb7 Bd6
8. O-O O-O 9. Nbd2 Qe7 10. Re1 Rfb8 11. Qa6 Rb6 12. Qd3 c5 13. c3 Rab8 14. e4
dxe4 15. Nxe4 Nxe4 16. Qxe4 Nf6 17. Qd3 Rd8 18. Qc2 Qc7 19. dxc5 Bxc5 20. Be3
Rdb8 21. Bxc5 Rxb2 22. Bd6 Qxd6 23. Qa4 Qb6 24. Rf1 h6 25. h3 Rc8 26. Rac1 Rc5
27. Nd4 Ra5 28. Qc6 Raxa2 29. Qxb6 axb6 30. Rb1 Ne4 31. c4 Nd6 32. Rbc1 Rb4 33.
Nc6 Rxc4 34. Rxc4 Nxc4 35. Rb1 Rb2 36. Rc1 b5 37. Nd4 Kh7 38. Nxb5 Ne5 39. Nc3
Kg6 40. Ne4 Nd3 41. Rc3 Nf4 42. Rg3+ Kh7 43. Rf3 g5 44. h4 Kg6 45. Nd6 f5 46.
hxg5 hxg5 47. Nc4 1/2-1/2

[Event "DEM U10"]
[Site "Willingen"]
[Date "2006.06.06"]
[Round "6.11"]
[White "Eigemann, Frederik"]
[Black "Scheel, Henrik"]
[Result "1/2-1/2"]
[WhiteElo "1372"]
[BlackElo "1173"]
[PlyCount "106"]
[EventDate "2006.??.??"]
[EventType "swiss"]
[EventRounds "11"]
[EventCountry "GER"]

1. e4 e5 2. Nf3 Nc6 3. Bc4 Bc5 4. c3 Nf6 5. d3 O-O 6. O-O Be7 7. Re1 d6 8. h3
Bd7 9. Be3 Na5 10. Bb3 Nxb3 11. Qxb3 b6 12. Nbd2 Qe8 13. Qc2 Qc8 14. Rac1 Qb7
15. d4 exd4 16. cxd4 Rac8 17. Bf4 Rfe8 18. e5 dxe5 19. dxe5 Nd5 20. Bg3 Nb4 21.
Qb1 Bb5 22. Rc3 Rcd8 23. a3 Nd5 24. Rcc1 Bc5 25. Nb3 Bf8 26. Nfd4 Ba4 27. Rc4
Bxb3 28. Nxb3 Qa6 29. Rh4 g6 30. Rhe4 Qc8 31. Nd4 c5 32. Nb5 Qc6 33. Nc3 Nxc3
34. bxc3 Bg7 35. a4 Re6 36. Qb5 Qxb5 37. axb5 Rd3 38. R4e3 Rxe3 39. Rxe3 Kf8
40. f4 Ke8 41. Rd3 Re7 42. Kf2 Rd7 43. Ke3 Rxd3+ 44. Kxd3 Kd7 45. Ke4 Ke6 46.
c4 f5+ 47. Kd3 h6 48. Bh4 Bf8 49. g4 h5 50. gxh5 gxh5 51. Bg5 Be7 52. Bxe7 Kxe7
53. Ke3 h4 1/2-1/2

[Event "DEM U10"]
[Site "Willingen"]
[Date "2006.06.06"]
[Round "6.12"]
[White "Weber, Clemens"]
[Black "Plotkin, Alex"]
[Result "1-0"]
[WhiteElo "1174"]
[BlackElo "1364"]
[PlyCount "85"]
[EventDate "2006.??.??"]
[EventType "swiss"]
[EventRounds "11"]
[EventCountry "GER"]

1. e4 e5 2. Nf3 Nc6 3. Nc3 Nf6 4. Bb5 d6 5. h3 Be6 6. O-O Qd7 7. d4 exd4 8.
Nxd4 Be7 9. f4 a6 10. Be2 Qc8 11. Nxc6 bxc6 12. f5 Bd7 13. Qd3 O-O 14. Qg3 Kh8
15. Bf4 Qb7 16. Rab1 Rg8 17. h4 g6 18. Qh3 Nxe4 19. Nxe4 Bxf5 20. Qc3+ f6 21.
Nxf6 Rgf8 22. Nh5+ Bf6 23. Nxf6 Kg7 24. Nd7+ Kg8 25. Nxf8 Rxf8 26. Bh6 Rf7 27.
Bd3 Qb6+ 28. Kh1 Bxd3 29. Rxf7 Kxf7 30. Qg7+ Ke6 31. Re1+ Kd5 32. Qf7+ Kc5 33.
Be3+ Kb5 34. Qb3+ Ka5 35. Bxb6+ cxb6 36. Qxd3 d5 37. Qc3+ Kb5 38. a4+ Kxa4 39.
Qxc6+ Kb4 40. Qxb6+ Kc4 41. Qxa6+ Kd4 42. c3+ Kc5 43. b4# 1-0

[Event "DEM U10"]
[Site "Willingen"]
[Date "2006.06.06"]
[Round "6.13"]
[White "Winterholler, Christina"]
[Black "Toker, David"]
[Result "0-1"]
[WhiteElo "1332"]
[BlackElo "1118"]
[PlyCount "146"]
[EventDate "2006.??.??"]
[EventType "swiss"]
[EventRounds "11"]
[EventCountry "GER"]

1. e4 c6 2. d4 d5 3. exd5 cxd5 4. Bd3 Nc6 5. c3 Nf6 6. h3 g6 7. Nf3 Bg7 8. O-O
O-O 9. Re1 Re8 10. Bf4 Nh5 11. Bh2 a6 12. Nbd2 b5 13. Ne5 Bxe5 14. Bxe5 Nxe5
15. Rxe5 Ng7 16. Qf3 Bb7 17. Rg5 Qd6 18. Re1 Rac8 19. a3 e6 20. Re3 Qe7 21. Rg3
Rf8 22. Qe2 a5 23. Nf1 b4 24. cxb4 axb4 25. a4 Rc7 26. Nh2 Rfc8 27. Ng4 Kh8 28.
Nh6 f5 29. Re5 Qh4 30. Qe3 f4 31. Rg4 Qxh6 32. Rxf4 Nh5 33. Rh4 Qxe3 34. fxe3
Ng7 35. Bxg6 h5 36. Bxh5 Nxh5 37. Rhxh5+ Kg7 38. Rxe6 Ra8 39. Reh6 Rac8 40. Rb6
Re8 41. Kf2 Rc2+ 42. Kf3 Rf8+ 43. Kg3 Rc7 44. Rxb4 Kg8 45. Rg5+ Kh7 46. Rb6 Re7
47. Rh5+ Kg7 48. Re5 Rd7 49. Rbe6 Rff7 50. Rg5+ Kh7 51. Kh4 Rfe7 52. Rxe7+ Rxe7
53. Re5 Rc7 54. Kg5 Rg7+ 55. Kf6 Rg6+ 56. Kf5 Bc8+ 57. Kf4 Rxg2 58. Rxd5 Rxb2
59. e4 Kg7 60. h4 Rf2+ 61. Ke5 Rh2 62. Rd8 Ba6 63. Kf5 Rxh4 64. Rd7+ Kf8 65.
Kf6 Rf4+ 66. Ke5 Rg4 67. Kf6 Rf4+ 68. Ke5 Rh4 69. Kf6 Rh6+ 70. Kg5 Re6 71. Kf5
Rb6 72. Rd8+ Ke7 73. Rg8 Rf6+ 0-1

[Event "DEM U10"]
[Site "Willingen"]
[Date "2006.06.06"]
[Round "6.14"]
[White "Neef, Maximilian"]
[Black "Möhn, Hans"]
[Result "0-1"]
[WhiteElo "1197"]
[BlackElo "1580"]
[PlyCount "120"]
[EventDate "2006.??.??"]
[EventType "swiss"]
[EventRounds "11"]
[EventCountry "GER"]

1. d4 Nf6 2. c4 g6 3. Nc3 Bg7 4. e4 d6 5. Be2 O-O 6. Bg5 Nbd7 7. Qd2 e5 8. d5
Nc5 9. f3 a5 10. g4 Qe8 11. h4 Nfd7 12. h5 f5 13. hxg6 hxg6 14. Nb5 Na6 15.
gxf5 gxf5 16. Bh6 Qg6 17. O-O-O f4 18. Bxg7 Kxg7 19. Nh3 Kf6 20. Rhg1 Qh5 21.
Nf2 Ndc5 22. Ng4+ Bxg4 23. Rxg4 Rg8 24. Rgg1 Qh2 25. Rge1 Nb4 26. Kb1 Nba6 27.
Kc1 Rg2 28. Rh1 Qg3 29. Qe1 Rg8 30. Rh7 Qxe1 31. Rxe1 R8g7 32. Rxg7 Kxg7 33.
Kb1 Kg6 34. Kc2 Kg5 35. a3 Kh4 36. Kc3 a4 37. Rh1+ Kg3 38. Bd1 Kf2 39. Rh6 Ke1
40. Rh1+ Kf2 41. Rh7 Ke3 42. Rh1 Nd3 43. Bxa4 Nxb2 44. Rb1 Nxa4+ 45. Kb3 N6c5+
46. Kb4 Rb2+ 47. Rxb2 Nxb2 48. Nxc7 Kxf3 49. Ne6 Nbd3+ 50. Kb5 Kxe4 51. Ng5+
Ke3 52. Kb6 f3 53. Nxf3 Kxf3 54. Kc7 e4 55. Kxd6 e3 56. Kc7 e2 57. d6 e1=Q 58.
d7 Nxd7 59. Kxd7 Ne5+ 60. Kc7 Nxc4 0-1

[Event "DEM U10"]
[Site "Willingen"]
[Date "2006.06.06"]
[Round "6.15"]
[White "Blübaum, Matthias"]
[Black "Powierski, Emil"]
[Result "1-0"]
[WhiteElo "1475"]
[BlackElo "1155"]
[PlyCount "69"]
[EventDate "2006.??.??"]
[EventType "swiss"]
[EventRounds "11"]
[EventCountry "GER"]

1. d4 d5 2. c4 c6 3. Nc3 Nf6 4. e3 e6 5. Nf3 Nbd7 6. Bd3 dxc4 7. Bxc4 b5 8. Bd3
Bb7 9. O-O a6 10. e4 c5 11. d5 e5 12. a3 Bd6 13. Bg5 O-O 14. Qd2 Re8 15. Rad1
Qc7 16. Rfe1 Nh5 17. Ne2 Bf8 18. Bc2 Nhf6 19. Bh4 c4 20. Bg3 Bd6 21. Nh4 g6 22.
Qg5 Kh8 23. Qd2 Nh5 24. Nf3 Nxg3 25. Nxg3 f6 26. Nh4 Bf8 27. Nf1 a5 28. Re3 Bh6
29. Nxg6+ Kg7 30. Nh4 Bxe3 31. Qxe3 h5 32. Qg3+ Kf7 33. Nf5 Rg8 34. Nh6+ Ke7
35. Nxg8+ 1-0

[Event "DEM U10"]
[Site "Willingen"]
[Date "2006.06.06"]
[Round "6.16"]
[White "Niedermayer, Julian Andi"]
[Black "Rührmund, Daniel"]
[Result "0-1"]
[WhiteElo "1190"]
[BlackElo "1470"]
[PlyCount "116"]
[EventDate "2006.??.??"]
[EventType "swiss"]
[EventRounds "11"]
[EventCountry "GER"]

1. e4 c5 2. Nf3 e6 3. d4 cxd4 4. Nxd4 a6 5. Nc3 Qc7 6. Be2 b5 7. a3 b4 8. axb4
Bxb4 9. Qd3 Bb7 10. O-O Nf6 11. Bf3 Nc6 12. Nxc6 Bxc6 13. Bg5 Bb7 14. e5 Bxc3
15. Bxb7 Qxb7 16. Bxf6 gxf6 17. Qxc3 Rc8 18. Qb3 Qxb3 19. cxb3 fxe5 20. Rxa6
Ke7 21. f3 Rb8 22. Ra3 Rb7 23. Re1 f6 24. Kf2 Rhb8 25. Re3 Rc8 26. Rc3 Rcb8 27.
Ke3 d5 28. Rd3 h6 29. g4 Kf7 30. h3 Kg6 31. h4 Rb4 32. Kf2 d4 33. Kg3 R8b6 34.
Ra7 Rb7 35. Ra3 h5 36. Kf2 R7b6 37. Ke2 hxg4 38. fxg4 e4 39. Rg3 e3 40. Kd3 e5
41. Ra1 Rxb3+ 42. Ke4 e2 43. Rd3 Rxd3 44. Kxd3 Rxb2 45. Re1 Rb3+ 46. Kxe2 Re3+
47. Kd2 Rxe1 48. Kxe1 e4 49. Ke2 e3 50. Kf3 f5 51. g5 f4 52. Ke2 Kh5 53. Ke1 f3
54. Kf1 e2+ 55. Kf2 d3 56. Ke1 Kg6 57. Kd2 f2 58. Kxd3 e1=Q 0-1

[Event "DEM U10"]
[Site "Willingen"]
[Date "2006.06.06"]
[Round "6.17"]
[White "Schreiber, Kevin"]
[Black "Stahnecker, Ludwig"]
[Result "0-1"]
[WhiteElo "1156"]
[BlackElo "1447"]
[PlyCount "56"]
[EventDate "2006.??.??"]
[EventType "swiss"]
[EventRounds "11"]
[EventCountry "GER"]

1. d4 Nf6 2. Nf3 b6 3. Bg5 Bb7 4. e3 e6 5. Bd3 Be7 6. O-O O-O 7. Nbd2 d6 8. e4
Nbd7 9. e5 Nd5 10. Bxe7 Nxe7 11. exd6 cxd6 12. Ne4 Bxe4 13. Bxe4 d5 14. Bd3 Nf6
15. Ne5 Ng6 16. f4 Nd7 17. Kh1 Ndxe5 18. fxe5 Qh4 19. c3 Qd8 20. Qf3 f5 21.
exf6 Rxf6 22. Qg4 Qe8 23. Rxf6 gxf6 24. Re1 Kf7 25. c4 Qc6 26. cxd5 Qxd5 27.
Be4 Qa5 28. Bxa8 Qxe1# 0-1

[Event "DEM U10"]
[Site "Willingen"]
[Date "2006.06.06"]
[Round "6.18"]
[White "Müller, Alexandra"]
[Black "Azizi, Nassim"]
[Result "1/2-1/2"]
[WhiteElo "1149"]
[BlackElo "1331"]
[PlyCount "103"]
[EventDate "2006.??.??"]
[EventType "swiss"]
[EventRounds "11"]
[EventCountry "GER"]

1. e4 c5 2. Nf3 Nc6 3. Nc3 a6 4. d4 cxd4 5. Nxd4 e6 6. a3 Nge7 7. Be3 Ng6 8.
Be2 Be7 9. Qd2 b5 10. Nxc6 dxc6 11. Qxd8+ Bxd8 12. O-O O-O 13. Bd3 Be7 14. Ne2
Bb7 15. Ng3 c5 16. c4 Bc6 17. cxb5 axb5 18. f3 c4 19. Bc2 f6 20. Rfd1 Rfd8 21.
Rxd8+ Rxd8 22. Rd1 Rxd1+ 23. Bxd1 Kf7 24. Kf2 Ke8 25. Ke2 Kd7 26. Kd2 Nh4 27.
Nh5 Bf8 28. g3 Ng6 29. Nf4 Nxf4 30. Bxf4 e5 31. Be3 b4 32. axb4 Bxb4+ 33. Kc2
Ba4+ 34. Kc1 Bb3 35. Bxb3 cxb3 36. Bd2 Bc5 37. Be1 Kc6 38. Kd2 Kb5 39. Kd3 Bd6
40. Bd2 Bb4 41. Bxb4 Kxb4 42. f4 g6 43. fxe5 fxe5 44. g4 g5 45. h3 h6 46. Kd2
Kb5 47. Kc3 Kc5 48. Kd3 Kb5 49. Kc3 Kc5 50. Kd3 Kb4 51. Kd2 Kc4 52. Ke3 1/2-1/2

[Event "DEM U10"]
[Site "Willingen"]
[Date "2006.06.06"]
[Round "6.19"]
[White "Engshuber, Maximilian"]
[Black "Rahimi, Rozafa"]
[Result "1-0"]
[WhiteElo "1228"]
[BlackElo "1082"]
[PlyCount "99"]
[EventDate "2006.??.??"]
[EventType "swiss"]
[EventRounds "11"]
[EventCountry "GER"]

1. e4 c5 2. Nf3 a6 3. d4 cxd4 4. Nxd4 Nf6 5. Nc3 d6 6. Bg5 e6 7. Bc4 Be7 8. Nf3
Nc6 9. O-O b5 10. Bb3 Bb7 11. Qe2 O-O 12. Rad1 Qc7 13. Rd2 Rad8 14. Rfd1 Rd7
15. e5 Nd5 16. Nxd5 exd5 17. e6 fxe6 18. Qxe6+ Kh8 19. Bxd5 Rfd8 20. Be4 Na5
21. Rd4 h6 22. Bxh6 Bf6 23. Qf5 Bxe4 24. Rxe4 Rf7 25. Rde1 Qd7 26. Qxd7 Rdxd7
27. Bd2 Nc4 28. b3 Nxd2 29. Nxd2 Rc7 30. c4 bxc4 31. Rxc4 Bc3 32. Rd1 Rfe7 33.
Rxc7 Rxc7 34. Nc4 Re7 35. Nxd6 Rd7 36. Rd3 Re7 37. g3 Bb4 38. Nf5 Re2 39. a4
Be1 40. Rf3 Rd2 41. h4 Rd1 42. Kg2 a5 43. g4 Bb4 44. h5 Re1 45. Re3 Rc1 46.
Re8+ Kh7 47. g5 g6 48. Ng3 Bd6 49. hxg6+ Kg7 50. Nf5+ 1-0

[Event "DEM U10"]
[Site "Willingen"]
[Date "2006.06.06"]
[Round "6.20"]
[White "Stolcz, Bianca"]
[Black "Wagner, Dennis"]
[Result "0-1"]
[WhiteElo "1095"]
[BlackElo "1225"]
[PlyCount "48"]
[EventDate "2006.??.??"]
[EventType "swiss"]
[EventRounds "11"]
[EventCountry "GER"]

1. d4 d5 2. c3 Nf6 3. Bg5 Nc6 4. e3 Bf5 5. Nd2 e6 6. f4 Be7 7. Ngf3 a6 8. Ne5
Nxe5 9. fxe5 Nd7 10. Bxe7 Qxe7 11. Be2 c5 12. O-O O-O 13. Bg4 Bg6 14. Rf3 f5
15. Bh3 Bh5 16. g4 fxg4 17. Rxf8+ Rxf8 18. Bxg4 Qg5 19. h3 Bxg4 20. hxg4 Qxe3+
21. Kh1 Rf2 22. Nf3 Rxf3 23. Qg1 Rh3+ 24. Kg2 Qf3# 0-1

[Event "DEM U10"]
[Site "Willingen"]
[Date "2006.06.06"]
[Round "6.21"]
[White "Bokemaer, David"]
[Black "Scholz, Andre"]
[Result "1-0"]
[WhiteElo "1222"]
[BlackElo "1034"]
[PlyCount "35"]
[EventDate "2006.??.??"]
[EventType "swiss"]
[EventRounds "11"]
[EventCountry "GER"]

1. e4 e5 2. Nf3 Nf6 3. Nxe5 d6 4. Nf3 Nxe4 5. Nc3 d5 6. Qe2 Qe7 7. Nxd5 Qe6 8.
Nxc7+ Kd8 9. Nxe6+ Bxe6 10. Qxe4 Nc6 11. Be2 Be7 12. O-O Re8 13. d4 f5 14. Qxe6
g6 15. Bb5 Rc8 16. Bf4 g5 17. Qd5+ Bd6 18. Qxd6# 1-0

[Event "DEM U10"]
[Site "Willingen"]
[Date "2006.06.06"]
[Round "6.22"]
[White "Takeuchi, Eiki"]
[Black "Pfadenhauer, Johannes"]
[Result "1-0"]
[WhiteElo "1065"]
[BlackElo "1281"]
[PlyCount "70"]
[EventDate "2006.??.??"]
[EventType "swiss"]
[EventRounds "11"]
[EventCountry "GER"]

1. e4 c5 2. Nf3 d6 3. d4 cxd4 4. Nxd4 Nf6 5. Nc3 Bd7 6. Bc4 Qc7 7. Be2 Nc6 8.
Be3 g6 9. Qd2 Bg7 10. O-O-O O-O 11. f3 a6 12. h4 b5 13. g4 Ne5 14. Bh6 Nc4 15.
Bxc4 bxc4 16. Bxg7 Kxg7 17. h5 Rab8 18. hxg6 fxg6 19. Qh6+ Kf7 20. g5 Rh8 21.
gxf6 exf6 22. f4 Qb7 23. b3 cxb3 24. Nxb3 Qc6 25. Nd5 Be6 26. Kb2 a5 27. Kc1
Rbc8 28. Nd4 Qc4 29. f5 Bxd5 30. exd5 Qxd5 31. Ne6 Qxf5 32. Qg7+ Ke8 33. Qxh8+
Kd7 34. Rxh7+ Kc6 35. Qxc8+ Kb5 1-0

[Event "DEM U10"]
[Site "Willingen"]
[Date "2006.06.06"]
[Round "6.23"]
[White "Nitsche-Hahn, Raphael"]
[Black "Spiegelberg, Silvia"]
[Result "0-1"]
[WhiteElo "1392"]
[BlackElo "1046"]
[PlyCount "62"]
[EventDate "2006.??.??"]
[EventType "swiss"]
[EventRounds "11"]
[EventCountry "GER"]

1. d4 Nf6 2. c4 e5 3. dxe5 Ng4 4. Nf3 Bc5 5. e3 Nc6 6. Be2 Ngxe5 7. Nxe5 Nxe5
8. Bd2 O-O 9. O-O Re8 10. Nc3 a5 11. Nd5 Ra6 12. Qc2 Qh4 13. Nxc7 Rh6 14. h3 d6
15. e4 g5 16. Qb3 g4 17. Bxh6 g3 18. Qxg3+ Qxg3 19. Nxe8 Qh4 20. Bh5 Qe7 21.
Ng7 Qf6 22. Nf5 Bxf5 23. exf5 Qxh6 24. Be2 Qf6 25. Rac1 Qxf5 26. Rc3 Qe6 27.
Rg3+ Kf8 28. Rc1 Qf6 29. Rf1 Ke7 30. Bh5 Qf4 31. b3 Qxg3 0-1